|
|
|
|
| LEADER |
00624nam a22001932a 4500 |
| 001 |
000143615 |
| 003 |
CZ BrMZK |
| 005 |
20150724144911.0 |
| 008 |
970103s1993 xo f slo d |
| 040 |
|
|
|a BOA001
|b cze
|
| 080 |
|
|
|a 338(076.5)
|2 MRF
|
| 100 |
1 |
|
|a Jakubová, Oľga
|7 mzk2015880141
|
| 245 |
1 |
0 |
|a Manažérská ekonomika a ekonomické výpočty v priemysle /
|c Oľga Jakubová
|
| 250 |
|
|
|a 1. vyd.
|
| 260 |
|
|
|a Košice :
|b Technická univerzita,
|c 1993
|
| 300 |
|
|
|a 82 s.
|
| 910 |
|
|
|a BOA001
|b TK-A-0254.845
|
| 990 |
|
|
|a BK
|
| 996 |
7 |
|
|b 2629984322
|c TK-A-0254.845
|l MZK
|r Sklad / do 24 hodin
|n 4
|w 000143615
|u 000010
|a 1
|e BOA001
|j MZK50
|s A
|